Automatizované testovanie zadaní

Saved in:
Bibliographic Details
Main Author: Glváč, Roman (Author)
Other Authors: Balogh, Štefan (Thesis advisor)
Format: Manuscript Book
Language:Slovak
Published: Bratislava : STU v Bratislave FEI, 2023
Subjects:
Online Access:https://opac.crzp.sk/?fn=detailBiblioFormChildME080&sid=C0DEB8E07572332BA3200315805F&seo=CRZP-detail-kniha
Tags: Add Tag
No Tags, Be the first to tag this record!

MARC

LEADER 00000ntm a22000003a 4500
001 stuzp91935
003 SK-STU
005 20241210122145.1
007 ta
008 150427s2015----xo-----f-mn---000-0-slo-d
040 |a STU  |b slo 
041 0 |a slo 
044 |a xo 
100 1 |a Glváč, Roman  |u 035000  |4 aut  |U FEI Fakulta elektrotechniky a informatiky  |T FEI Ústav informatiky a matematiky  |X 97782  |U E050  |Y 816  |7 97782 
242 0 1 |a Automated assignment testing  |y eng 
245 1 0 |a Automatizované testovanie zadaní 
260 |a Bratislava :  |b STU v Bratislave FEI,  |c 2023 
300 |a 63 s. 
650 4 |a softvérové testovanie  |2 slo 
650 4 |a kontajnerizácia  |2 slo 
650 4 |a automatizácia  |2 slo 
650 4 |a containerization  |2 eng 
650 4 |a software testing  |2 eng 
650 4 |a automation  |2 eng 
700 1 |a Balogh, Štefan  |u 035000  |k Z1  |4 ths  |U FEI Fakulta elektrotechniky a informatiky  |T FEI Ústav informatiky a matematiky  |X 30190  |U E050  |Y 816  |7 A000030190 
856 4 |u https://opac.crzp.sk/?fn=detailBiblioFormChildME080&sid=C0DEB8E07572332BA3200315805F&seo=CRZP-detail-kniha